00498 2200193 4500001002100000005001500021008004100036020001800077035001900095041000700114082000800121090001400129100003000143245005400173250000600227260002500233300002800258650001800286INLIS00000000000957920241224113840241224||||||||| | ||| |||| || |  a979-9452-70-8 0010-1224009579 aid0 a173 a173 SHA t0 aJerrold Lee Shapiro, Ph.D00aThe Goodfather: Kiat Lengkap Menjadi Ayah Teladan a1 aBandungbKaifac2003 a23,5x15,5 cm, 532 hlm.; 0aKisah Teladan